[Event "Campeonato del Mundo Sub-20 2007 Fem."]
[Site "Yerevan ARM"]
[Date "2007.10.16"]
[Round "13.2"]
[White "Harika, Dronavalli"]
[Black "Melia, Salome"]
[Result "0-1"]
[WhiteElo "2480"]
[BlackElo "2365"]
[PlyCount "72"]
[EventDate "2007.10.03"]
[EventType "swiss"]
[EventRounds "13"]
[EventCountry "ARM"]
[Source "lmi"]
[SourceDate "2007.10.03"]

1. d4 Nf6 2. c4 e6 3. Nc3 c5 4. d5 exd5 5. cxd5 d6 6. e4 g6 7. Nf3 Bg7 8. h3
O-O 9. Bd3 a6 10. a4 Nbd7 11. O-O Re8 12. Re1 Nh5 13. Bg5 Bf6 14. Be3 Ne5 15.
Be2 Nxf3+ 16. Bxf3 Ng7 17. Qd2 Bd7 18. Be2 b5 19. axb5 axb5 20. Nxb5 Bxb5 21.
Bxb5 Rxe4 22. Rxa8 Qxa8 23. Bc6 Qa2 24. b4 Qc4 25. bxc5 Bc3 26. Qc1 Bxe1 27.
Qxe1 Nf5 28. cxd6 Nxd6 29. Qa5 Nf5 30. Qa8+ Kg7 31. d6 Nxe3 32. Bxe4 Qc1+ 33.
Kh2 Nf1+ 34. Kg1 Ng3+ 35. Kh2 Ne2 36. h4 Qf4+ 0-1

[Event "Campeonato del Mundo Sub-20 2007 Fem."]
[Site "Yerevan ARM"]
[Date "2007.10.16"]
[Round "13.3"]
[White "Zawadzka, Jolanta"]
[Black "Dauletova, Gulmira"]
[Result "1-0"]
[WhiteElo "2371"]
[BlackElo "2210"]
[PlyCount "81"]
[EventDate "2007.10.03"]
[EventType "swiss"]
[EventRounds "13"]
[EventCountry "ARM"]
[Source "lmi"]
[SourceDate "2007.10.03"]

1. e4 c5 2. Nf3 Nc6 3. d4 cxd4 4. Nxd4 g6 5. c4 Bg7 6. Be3 Nf6 7. Nc3 Ng4 8.
Qxg4 Nxd4 9. Qd1 Ne6 10. Rc1 Qa5 11. Bd3 b6 12. O-O g5 13. Bb1 Qe5 14. g3 Bb7
15. b4 h5 16. f4 gxf4 17. gxf4 Qf6 18. Nd5 Qh4 19. Kh1 Rc8 20. Qd3 Bh6 21. Rcd1
Bxd5 22. exd5 Ng7 23. c5 bxc5 24. bxc5 Qh3 25. c6 d6 26. Qe4 Rc7 27. Bd4 f5 28.
Qe2 Qg4 29. Qe3 Qg6 30. Bxa7 O-O 31. Bb6 Rcc8 32. c7 Qe8 33. Qd4 Rf6 34. Bd3 e5
35. fxe5 dxe5 36. Qc5 Qf8 37. d6 Ne6 38. Bc4 Kh7 39. Bxe6 Rxe6 40. d7 Rxc7 41.
Qxf8 1-0

[Event "Campeonato del Mundo Sub-20 2007 Fem."]
[Site "Yerevan ARM"]
[Date "2007.10.16"]
[Round "13.4"]
[White "Mongontuul, Bathuyag"]
[Black "Soumya, Swaminathan"]
[Result "0-1"]
[WhiteElo "2405"]
[BlackElo "2244"]
[PlyCount "218"]
[EventDate "2007.10.03"]
[EventType "swiss"]
[EventRounds "13"]
[EventCountry "ARM"]
[Source "lmi"]
[SourceDate "2007.10.03"]

1. e4 c5 2. Nf3 e6 3. d4 cxd4 4. Nxd4 a6 5. c4 Nf6 6. Nc3 Qc7 7. a3 b6 8. Be3
Bb7 9. f3 d6 10. Be2 Nbd7 11. O-O Be7 12. Rc1 O-O 13. Qd2 Rfe8 14. b4 Rac8 15.
Rfd1 Qb8 16. Nb3 d5 17. exd5 Bd6 18. f4 exd5 19. Nxd5 Ne4 20. Qd4 Bxd5 21. cxd5
Rxc1 22. Nxc1 Bxf4 23. Bxf4 Qxf4 24. Bxa6 Qd6 25. Bb5 Nef6 26. Ne2 Re5 27. Nc3
h6 28. h3 Nf8 29. a4 Rg5 30. Ne4 Nxe4 31. Qxe4 Ng6 32. Qe8+ Kh7 33. Qxf7 Qg3
34. Qf2 Qb3 35. Rc1 Qxd5 36. Bc6 Qd6 37. b5 Qa3 38. Re1 Qxa4 39. Qxb6 Qh4 40.
Re3 Rf5 41. Re4 Qf6 42. Qd4 Ne5 43. Be8 Rg5 44. Qd1 Qe7 45. Qb1 Kg8 46. h4 Rf5
47. Ra4 Nf3+ 48. Kh1 Nxh4 49. Bg6 Rf8 50. Be4 Qe5 51. Bh7+ Kh8 52. Rxh4 Ra8 53.
Re4 Qh5+ 54. Kg1 Qc5+ 55. Kh2 Qh5+ 56. Kg3 Qg5+ 57. Kh3 Ra3+ 58. Kh2 Qh5+ 59.
Kg1 Qc5+ 60. Kf1 Qf8+ 61. Ke1 Qa8 62. Kf2 Ra2+ 63. Re2 Rxe2+ 64. Kxe2 Qxg2+ 65.
Kd1 Qf1+ 66. Kd2 Qf2+ 67. Kc1 Qf1+ 68. Kc2 Qc4+ 69. Kd2 Qf4+ 70. Kc3 Qe5+ 71.
Kc4 Qe6+ 72. Kc5 Qe5+ 73. Kc6 Qe6+ 74. Kc5 Qe5+ 75. Kb4 Qd4+ 76. Ka3 Qc5+ 77.
Ka4 Qd4+ 78. Qb4 Qa1+ 79. Kb3 Kxh7 80. b6 Qd1+ 81. Kc4 Qe2+ 82. Kc5 Qe7+ 83.
Kb5 Qb7 84. Qc5 Qd7+ 85. Ka6 Qa4+ 86. Qa5 Qc4+ 87. Ka7 Qd4 88. Qb5 Kg6 89. Kb8
Qd8+ 90. Kb7 h5 91. Qc6+ Kh7 92. Qe4+ Kh6 93. Ka7 h4 94. Qc6+ g6 95. b7 Qa5+
96. Qa6 Qc5+ 97. Ka8 Qd5 98. Qf6 Kh5 99. Ka7 Qa5+ 100. Qa6 Qc5+ 101. Qb6 Qa3+
102. Kb8 h3 103. Kc8 Qf8+ 104. Kd7 h2 105. b8=Q Qg7+ 106. Kc8 h1=Q 107. Qc5+
Kh6 108. Qf4+ Kh7 109. Qb8 Qh3+ 0-1

[Event "Campeonato del Mundo Sub-20 2007 Fem."]
[Site "Yerevan ARM"]
[Date "2007.10.16"]
[Round "13.6"]
[White "Gasik, Anna"]
[Black "Arutyunova, Diana"]
[Result "0-1"]
[WhiteElo "2191"]
[BlackElo "2256"]
[PlyCount "74"]
[EventDate "2007.10.03"]
[EventType "swiss"]
[EventRounds "13"]
[EventCountry "ARM"]
[Source "lmi"]
[SourceDate "2007.10.03"]

1. e4 d6 2. d4 Nf6 3. Nc3 g6 4. f4 Bg7 5. Nf3 O-O 6. Bd3 Na6 7. O-O c5 8. d5
Bg4 9. Bc4 Nc7 10. a4 e6 11. h3 Bxf3 12. Qxf3 exd5 13. exd5 b6 14. Be3 a6 15.
Bf2 Rb8 16. Qd3 Qc8 17. Ra3 Nfe8 18. Rb3 f5 19. Bh4 Nf6 20. Re1 Re8 21. Rxe8+
Qxe8 22. Bxa6 Nxa6 23. Qxa6 Qe3+ 24. Kh2 Qxf4+ 25. Bg3 Qh6 26. Qf1 Re8 27. Ne2
Ne4 28. Qf4 Qh5 29. Qf3 Nd2 30. Qxh5 gxh5 31. Rxb6 Rxe2 32. Bxd6 h4 33. Rb8+
Kf7 34. Rb7+ Kg6 35. Re7 Be5+ 36. Kg1 Re1+ 37. Kf2 Bg3+ 0-1

[Event "Campeonato del Mundo Sub-20 2007 Fem."]
[Site "Yerevan ARM"]
[Date "2007.10.16"]
[Round "13.7"]
[White "Karavade, Eesha"]
[Black "Gomes, Mary Ann"]
[Result "1-0"]
[WhiteElo "2331"]
[BlackElo "2262"]
[PlyCount "77"]
[EventDate "2007.10.03"]
[EventType "swiss"]
[EventRounds "13"]
[EventCountry "ARM"]
[Source "lmi"]
[SourceDate "2007.10.03"]

1. Nf3 Nf6 2. c4 e6 3. g3 b6 4. Bg2 Bb7 5. O-O Be7 6. Nc3 O-O 7. Re1 d6 8. e4
c5 9. d4 Nbd7 10. d5 exd5 11. exd5 Re8 12. Nh4 Ne5 13. b3 Qd7 14. Qc2 Nfg4 15.
Nf5 Bf6 16. Bd2 g6 17. Nh6+ Nxh6 18. Bxh6 Ng4 19. Bd2 Bd4 20. Rf1 Bc8 21. h3
Ne5 22. Rad1 Qd8 23. Ne4 Bf5 24. Rde1 Bxe4 25. Rxe4 f5 26. Re2 Qf6 27. Kh1 Qf8
28. Rfe1 Rad8 29. Bg5 Rc8 30. f4 Nf7 31. Be7 Qg7 32. Re6 a6 33. Qe2 Bc3 34. Bf6
Rxe6 35. Qxe6 Qxf6 36. Qxc8+ Kg7 37. Re8 h6 38. Qe6 Qd4 39. Re7 1-0

[Event "Campeonato del Mundo Sub-20 2007 Fem."]
[Site "Yerevan ARM"]
[Date "2007.10.16"]
[Round "13.8"]
[White "Bokuchava, Madona"]
[Black "Khotenashvili, Bela"]
[Result "1/2-1/2"]
[WhiteElo "2130"]
[BlackElo "2328"]
[PlyCount "119"]
[EventDate "2007.10.03"]
[EventType "swiss"]
[EventRounds "13"]
[EventCountry "ARM"]
[Source "lmi"]
[SourceDate "2007.10.03"]

1. d4 e6 2. c4 Nf6 3. Nf3 d5 4. cxd5 exd5 5. Nc3 Bb4 6. Bg5 h6 7. Bxf6 Qxf6 8.
Qb3 Qd6 9. a3 Bxc3+ 10. Qxc3 Bf5 11. e3 Nd7 12. Rc1 c6 13. Bd3 Bg4 14. Nd2 O-O
15. O-O f5 16. f3 Bh5 17. e4 fxe4 18. fxe4 Rxf1+ 19. Rxf1 Nf8 20. e5 Qe7 21.
Bc2 Qh4 22. Nf3 Qf4 23. g3 Qg4 24. Nh4 Ne6 25. Bd1 Qg5 26. Rf5 Bxd1 27. Rxg5
hxg5 28. Qd3 Bg4 29. Ng6 Re8 30. Kg2 a5 31. b3 Bh5 32. h4 Kf7 33. Qf5+ Kg8 34.
Qd3 Kf7 35. Qf5+ Kg8 36. Qd3 Nxd4 37. Qxd4 Bxg6 38. hxg5 Be4+ 39. Kg1 Kh7 40.
b4 axb4 41. axb4 Kg6 42. Qc5 Re6 43. Qf8 Bf5 44. Qb8 b5 45. Qc7 d4 46. Kf2 Be4
47. Ke2 Kh7 48. Kd2 Kg6 49. g4 Kxg5 50. Qxg7+ Bg6 51. Qc7 Kf4 52. Qg7 d3 53.
Kc3 Kxg4 54. Qg8 Kf5 55. Kxd3 Kxe5+ 56. Kc3 Kd5 57. Qd8+ Ke4 58. Qh4+ Ke5 59.
Qg5+ Kd6 60. Qd8+ 1/2-1/2

[Event "Campeonato del Mundo Sub-20 2007 Fem."]
[Site "Yerevan ARM"]
[Date "2007.10.16"]
[Round "13.10"]
[White "Pertlova, Sona"]
[Black "Limontaite, Simona"]
[Result "1/2-1/2"]
[WhiteElo "2169"]
[BlackElo "2141"]
[PlyCount "23"]
[EventDate "2007.10.03"]
[EventType "swiss"]
[EventRounds "13"]
[EventCountry "ARM"]
[Source "lmi"]
[SourceDate "2007.10.03"]

1. d4 Nf6 2. Nf3 e6 3. c4 d5 4. g3 dxc4 5. Qa4+ Bd7 6. Qxc4 Bc6 7. Bg2 Nbd7 8.
Nc3 Nb6 9. Qd3 Bb4 10. O-O O-O 11. Bg5 h6 12. Bxf6 1/2-1/2

[Event "Campeonato del Mundo Sub-20 2007 Fem."]
[Site "Yerevan ARM"]
[Date "2007.10.16"]
[Round "13.11"]
[White "Kulon, Klaudia"]
[Black "Hakimifard, Ghazal"]
[Result "1-0"]
[WhiteElo "2139"]
[BlackElo "2102"]
[PlyCount "85"]
[EventDate "2007.10.03"]
[EventType "swiss"]
[EventRounds "13"]
[EventCountry "ARM"]
[Source "lmi"]
[SourceDate "2007.10.03"]

1. e4 e5 2. Nf3 Nc6 3. Bb5 a6 4. Ba4 Nf6 5. O-O Be7 6. Re1 b5 7. Bb3 O-O 8. h3
Bb7 9. c3 d5 10. exd5 Nxd5 11. d4 exd4 12. cxd4 Qd7 13. Nc3 Nf6 14. Bg5 Rae8
15. Qd2 Na5 16. Ne5 Qd6 17. Bc2 Nc4 18. Nxc4 bxc4 19. Bf4 Qb6 20. Be5 Nd7 21.
Ba4 Nxe5 22. Rxe5 Qg6 23. d5 c6 24. Qe2 cxd5 25. Bxe8 d4 26. Nd5 Bd6 27. Qxc4
Bxd5 28. Qxd5 Bxe5 29. Qxe5 Qc2 30. Bd7 Qxb2 31. Rd1 Qxa2 32. Rxd4 Qa1+ 33. Kh2
Qb2 34. Qf4 Rd8 35. Qc7 Rf8 36. Rf4 a5 37. Qxa5 Qb8 38. g3 Qd6 39. Ba4 h6 40.
Bb3 Kh7 41. Bc2+ g6 42. h4 Qc6 43. Be4 1-0

[Event "Campeonato del Mundo Sub-20 2007 Fem."]
[Site "Yerevan ARM"]
[Date "2007.10.16"]
[Round "13.12"]
[White "Kharatyan, Anahit"]
[Black "Hairapetian, Anna"]
[Result "1/2-1/2"]
[WhiteElo "2102"]
[BlackElo "2030"]
[PlyCount "202"]
[EventDate "2007.10.03"]
[EventType "swiss"]
[EventRounds "13"]
[EventCountry "ARM"]
[Source "lmi"]
[SourceDate "2007.10.03"]

1. f4 c5 2. g3 Nc6 3. Bg2 e6 4. Nf3 d5 5. d3 Nf6 6. O-O Be7 7. e3 O-O 8. Qe2 b6
9. b3 Bb7 10. Bb2 a5 11. Nc3 d4 12. Nd1 a4 13. Ne5 Nd5 14. Nxc6 Bxc6 15. e4 Nc7
16. Nf2 a3 17. Bc1 f5 18. g4 Qd7 19. Nh3 Nb5 20. Bd2 Rae8 21. Kh1 Qb7 22. Rae1
Bh4 23. Ra1 Bf6 24. Ng1 fxe4 25. Bxe4 Nd6 26. Bxc6 Qxc6+ 27. Qf3 Qd7 28. Rae1
g6 29. Re2 Bg7 30. Rfe1 h6 31. Nh3 Kh7 32. Qg3 b5 33. Qh4 Bf6 34. Qg3 Bg7 35.
Nf2 Nf7 36. Ne4 Qc8 37. Qh4 Kh8 38. Ng5 Qc6+ 39. Kg1 Nd8 40. Ne4 Kg8 41. g5 h5
42. Nf6+ Bxf6 43. gxf6 Qf3 44. Rg2 Kf7 45. Rg3 Qb7 46. Rxg6 Rg8 47. Rg7+ Rxg7+
48. fxg7 Kxg7 49. Kf2 Nf7 50. f5 Qd5 51. f6+ Kf8 52. Re4 Rd8 53. Rf4 Ke8 54.
Qg3 Kd7 55. Qg7 e5 56. Rf5 Kc6 57. Rxh5 Kb6 58. Rh7 Rd7 59. Qg2 Qe6 60. Qg6 c4
61. Bb4 cxb3 62. cxb3 Rc7 63. Kg3 Qd5 64. Qg8 e4 65. Qb8+ Rb7 66. Qf4 exd3 67.
Rh4 Rd7 68. Qb8+ Rb7 69. Qf4 Rd7 70. Bxa3 Ne5 71. Rh5 d2 72. Rxe5 Qxe5 73. Qxe5
d1=Q 74. Qc5+ Kb7 75. Qxb5+ Kc7 76. Qc4+ Kb7 77. f7 Qe1+ 78. Kg2 Qe4+ 79. Kf2
Qf4+ 80. Ke1 Rxf7 81. Qb5+ Kc7 82. Qa5+ Kd7 83. Qd5+ Ke8 84. Qe6+ Kd8 85. Qd6+
Qxd6 86. Bxd6 Rd7 87. Bc5 Kc7 88. Kd2 Kc6 89. b4 d3 90. a4 Rh7 91. Bg1 Rg7 92.
Bd4 Rg2+ 93. Kxd3 Rxh2 94. b5+ Kb7 95. Kc4 Rc2+ 96. Bc3 Rc1 97. a5 Rb1 98. a6+
Ka8 99. Bb4 Ra1 100. Kc5 Rxa6 101. bxa6 Ka7 1/2-1/2

[Event "Campeonato del Mundo Sub-20 2007 Fem."]
[Site "Yerevan ARM"]
[Date "2007.10.16"]
[Round "13.15"]
[White "Tjolsen, Katrine"]
[Black "Padmini, Rout"]
[Result "1/2-1/2"]
[WhiteElo "2081"]
[BlackElo "2226"]
[PlyCount "137"]
[EventDate "2007.10.03"]
[EventType "swiss"]
[EventRounds "13"]
[EventCountry "ARM"]
[Source "lmi"]
[SourceDate "2007.10.03"]

1. d4 Nf6 2. c4 g6 3. Nc3 d5 4. e3 Bg7 5. Qb3 c6 6. cxd5 cxd5 7. Nf3 O-O 8. Bd3
Nc6 9. O-O b6 10. Bd2 Bb7 11. Qa3 a6 12. Na4 Nd7 13. Bb4 a5 14. Bc3 e5 15. dxe5
Ndxe5 16. Nxe5 Nxe5 17. Bd4 Bc6 18. Qc3 Bxa4 19. Bxe5 Rc8 20. Qd4 Bxe5 21. Qxe5
Qc7 22. Qd4 Bc6 23. Be2 Bb7 24. Bf3 Qc5 25. Qd2 Qc2 26. Rad1 Rc5 27. Qd4 Rfc8
28. Rd2 Qc4 29. Qf6 Qxa2 30. Qxb6 Ba8 31. Rfd1 Qc4 32. h3 a4 33. Rd4 Qa2 34.
Bg4 f5 35. Bf3 a3 36. bxa3 Qxa3 37. Qe6+ Kh8 38. Kh2 Qa7 39. Bxd5 Qc7+ 40. g3
Bxd5 41. Rxd5 Rxd5 42. Rxd5 Qc2 43. Kg2 Qe4+ 44. Qxe4 fxe4 45. Rd7 Re8 46. f3
exf3+ 47. Kxf3 Kg8 48. g4 g5 49. Rd5 h6 50. h4 gxh4 51. Rh5 Kg7 52. Rxh4 Rf8+
53. Ke2 Ra8 54. Rh5 Kg6 55. Rf5 Ra4 56. Kf3 Ra3 57. Rb5 Ra6 58. Kf4 Rf6+ 59.
Rf5 Ra6 60. Rf8 Ra1 61. Rd8 Rf1+ 62. Ke5 Rg1 63. Kf4 Rf1+ 64. Kg3 Rg1+ 65. Kf3
Rf1+ 66. Kg2 Ra1 67. Rd4 Kg5 68. Kf2 Rb1 69. Kg2 1/2-1/2

[Event "Campeonato del Mundo Sub-20 2007 Fem."]
[Site "Yerevan ARM"]
[Date "2007.10.16"]
[Round "13.17"]
[White "Khalaji, Hanieh"]
[Black "Martirosian, Lia"]
[Result "1/2-1/2"]
[WhiteElo "1872"]
[BlackElo "2121"]
[PlyCount "81"]
[EventDate "2007.10.03"]
[EventType "swiss"]
[EventRounds "13"]
[EventCountry "ARM"]
[Source "lmi"]
[SourceDate "2007.10.03"]

1. e4 c6 2. d4 d5 3. exd5 cxd5 4. Bd3 Nc6 5. c3 Nf6 6. Bf4 g6 7. Nf3 Bg7 8. Ne5
Qb6 9. Qe2 a6 10. Nxc6 Qxc6 11. Be5 O-O 12. O-O Bh6 13. Nd2 Nh5 14. Nf3 f6 15.
Bg3 Nxg3 16. hxg3 Qd6 17. Rfe1 Re8 18. Qc2 Bg7 19. c4 dxc4 20. Bxc4+ e6 21. Re2
b5 22. Qe4 Ra7 23. Bb3 Kh8 24. Rc1 Bd7 25. Qe3 Rc7 26. Rce1 Bc6 27. Qf4 Qxf4
28. gxf4 Bxf3 29. gxf3 Rd7 30. Rxe6 Rxe6 31. Rxe6 h5 32. d5 a5 33. Bc2 Kh7 34.
f5 Rxd5 35. fxg6+ Kh6 36. Kg2 b4 37. a3 Rc5 38. Bb1 Rc1 39. Be4 bxa3 40. bxa3
Ra1 41. Ra6 1/2-1/2

[Event "Campeonato del Mundo Sub-20 2007 Fem."]
[Site "Yerevan ARM"]
[Date "2007.10.16"]
[Round "13.18"]
[White "Kalashyan, Varduhi"]
[Black "Airapetian, Tatevik"]
[Result "1/2-1/2"]
[WhiteElo "2059"]
[BlackElo "2193"]
[PlyCount "127"]
[EventDate "2007.10.03"]
[EventType "swiss"]
[EventRounds "13"]
[EventCountry "ARM"]
[Source "lmi"]
[SourceDate "2007.10.03"]

1. e4 c5 2. Nf3 d6 3. d4 cxd4 4. Nxd4 Nf6 5. Nc3 a6 6. Be2 e6 7. O-O Be7 8. Be3
O-O 9. f4 Nc6 10. Kh1 Qc7 11. a4 Re8 12. a5 Nxa5 13. e5 dxe5 14. fxe5 Qxe5 15.
Bf4 Qc5 16. Na4 Qa7 17. Be3 b6 18. Nxe6 Bxe6 19. Bxb6 Qb8 20. Bxa5 Nd5 21. Qd2
Qe5 22. Bf3 Bg5 23. Bc3 Nxc3 24. Qxc3 Qxc3 25. Nxc3 Rab8 26. Nd5 Rec8 27. c3
Rxb2 28. Rxa6 g6 29. Ra7 Rc5 30. Nc7 Bc4 31. Rfa1 Kg7 32. Ne8+ Kh6 33. Rd1 Bb3
34. Rf1 Rxc3 35. Nd6 Rc1 36. Rxc1 Bxc1 37. Ra1 Bf4 38. Ne4 Bd5 39. Ng5 Bc4 40.
Ne4 Be5 41. Rd1 f5 42. Nd2 Bb5 43. Rb1 Rc2 44. Nf1 Bd7 45. Ne3 Ra2 46. Rd1 Ba4
47. Rb1 Bf4 48. Nd5 Bc2 49. Rf1 Bd2 50. h3 Bb3 51. Ne7 Be6 52. Bd5 Bxd5 53.
Nxd5 Kg5 54. g3 Ra5 55. Nf4 Kf6 56. Rf2 Be1 57. Rf3 Ra1 58. Rf1 Bc3 59. Rxa1
Bxa1 60. Kg2 g5 61. Ne2 Ke5 62. Kf3 h6 63. Nc1 Bc3 64. g4 1/2-1/2

[Event "Campeonato del Mundo Sub-20 2007 Fem."]
[Site "Yerevan ARM"]
[Date "2007.10.16"]
[Round "13.20"]
[White "Salvador, Aices"]
[Black "Bayat, Shohreh"]
[Result "1-0"]
[WhiteElo "1927"]
[BlackElo "2076"]
[PlyCount "23"]
[EventDate "2007.10.03"]
[EventType "swiss"]
[EventRounds "13"]
[EventCountry "ARM"]
[Source "lmi"]
[SourceDate "2007.10.03"]

1. e4 e6 2. d4 d5 3. exd5 exd5 4. Bd3 Bd6 5. Qf3 Ne7 6. Ne2 Ng6 7. Nbc3 c6 8.
Nf4 Qe7+ 9. Kf1 O-O 10. h4 Qf6 11. Nce2 Bf5 12. Nh5 1-0